| Tag |
First Indicator |
Second Indicator |
Subfields |
| LEADER |
00000cam a2200000 a 4500 |
| 001 |
in00005773213 |
| 005 |
20260327175923.4 |
| 006 |
m o d |
| 007 |
cr |n||||||||| |
| 008 |
240611s2024 xx o 000 0 eng d |
| 040 |
|
|
|a YDX
|b eng
|c YDX
|d OPELS
|d OCLCO
|d UKAHL
|d N$T
|d OCLCQ
|
| 020 |
|
|
|a 9780443221248
|q (electronic bk.)
|
| 020 |
|
|
|a 0443221243
|q (electronic bk.)
|
| 020 |
|
|
|z 9780443153952
|
| 020 |
|
|
|z 0443153957
|
| 035 |
|
|
|a (OCoLC)1437528632
|
| 050 |
|
4 |
|a TS1445
|
| 082 |
0 |
4 |
|a 677.00285/63
|2 23/eng/20240618
|
| 049 |
|
|
|a TXAM
|
| 100 |
1 |
|
|a Ghosh, Anindya.
|
| 245 |
1 |
0 |
|a Artificial intelligence in textile engineering :
|b basic concepts and applications /
|c Anindya Ghosh, Subhasis Das, Bapi Saha.
|
| 260 |
|
|
|a [S.l.] :
|b Woodhead Publishing,
|c 2024.
|
| 300 |
|
|
|a 1 online resource
|
| 336 |
|
|
|a text
|b txt
|2 rdacontent
|
| 337 |
|
|
|a computer
|b c
|2 rdamedia
|
| 338 |
|
|
|a online resource
|b cr
|2 rdacarrier
|
| 490 |
0 |
|
|a The Textile Institute book series
|
| 650 |
|
0 |
|a Textile fabrics
|x Data processing.
|
| 650 |
|
0 |
|a Textile fibers
|x Data processing.
|
| 650 |
|
0 |
|a Artificial intelligence
|x Engineering applications.
|
| 650 |
|
6 |
|a Textiles et tissus
|x Informatique.
|
| 650 |
|
6 |
|a Fibres textiles
|x Informatique.
|
| 650 |
|
6 |
|a Intelligence artificielle
|x Applications en ingénierie.
|
| 655 |
|
7 |
|a Electronic books.
|2 local
|
| 700 |
1 |
|
|a Das, Subhasis.
|
| 700 |
1 |
|
|a Saha, Bapi.
|
| 710 |
2 |
|
|a ScienceDirect (Online service)
|
| 776 |
0 |
8 |
|i Print version:
|z 0443153957
|z 9780443153952
|w (OCoLC)1389606046
|
| 856 |
4 |
0 |
|u http://proxy.library.tamu.edu/login?url=https://www.sciencedirect.com/science/book/9780443153952
|z Connect to the full text of this electronic book
|t 0
|
| 955 |
|
|
|a Elsevier ScienceDirect 2026-2027
|
| 994 |
|
|
|a 92
|b TXA
|
| 999 |
f |
f |
|i dc83e01d-6fe8-4698-996e-e42b5fa4f205
|s ead13565-a691-4d45-b29e-b1456e3fcff3
|t 0
|
| 952 |
f |
f |
|a Texas A&M University
|b College Station
|c Electronic Resources
|s www_evans
|d Available Online
|t 0
|e TS1445
|h Library of Congress classification
|
| 998 |
f |
f |
|a TS1445
|t 0
|l Available Online
|